[Event "62. BEM 2008"]
[Site "Dortmund"]
[Date "2008.02.28"]
[Round "6.24"]
[White "Hlopotov, Oleg"]
[Black "Schoppe, Hans-Werner"]
[Result "1-0"]
[WhiteElo "1679"]
[BlackElo "1243"]
[PlyCount "47"]
[EventDate "2008.??.??"]
[Source "SG Dortmund"]
[SourceDate "2004.12.16"]

1. e4 e6 2. d4 d5 3. Nc3 dxe4 4. Nxe4 b6 5. Bb5+ c6 6. Ba4 Bb7 7. Nf3 h6 8. O-O
Nf6 9. Qe2 Be7 10. Ng3 Nbd7 11. Bf4 g5 12. Be5 Rg8 13. Rad1 Nd5 14. Qe4 Rg6 15.
c4 Nb4 16. a3 f5 17. Nxf5 exf5 18. Qxf5 Nf8 19. axb4 Qd7 20. Qc2 g4 21. Ne1 Rc8
22. d5 b5 23. dxc6 Qxc6 24. Bxb5 1-0

[Event "62. BEM 2008"]
[Site "Dortmund"]
[Date "2008.02.28"]
[Round "6.25"]
[White "Siwy, Boguslaw"]
[Black "Strotmann, Dieter"]
[Result "1-0"]
[WhiteElo "1323"]
[BlackElo "1296"]
[PlyCount "83"]
[EventDate "2008.??.??"]
[Source "SG Dortmund"]
[SourceDate "2004.12.16"]

1. e4 e6 2. d4 d5 3. e5 c5 4. c3 c4 5. Nf3 h6 6. a4 Nc6 7. b3 cxb3 8. Qxb3 Nge7
9. Bd3 Ng6 10. Qc2 Nce7 11. O-O Bd7 12. Be3 a6 13. Nbd2 Qa5 14. Rfb1 Rc8 15.
Rxb7 Qxc3 16. Qxc3 Rxc3 17. Bxa6 Nc6 18. Nb1 Rxe3 19. fxe3 Bc8 20. Rb6 Bd7 21.
Bb5 Nge7 22. a5 Nc8 23. Rxc6 Bxc6 24. Bxc6+ Kd8 25. a6 Na7 26. Bb7 Kd7 27. Nbd2
Bb4 28. Nb3 Rb8 29. Nfd2 Kc7 30. e4 Rd8 31. exd5 exd5 32. Nf3 Rd7 33. Ne1 Kb8
34. Nd3 Bc3 35. Rc1 Rc7 36. Ndc5 Nb5 37. Bxd5 Bxd4+ 38. Nxd4 Nxd4 39. Rb1+ Ka7
40. Rb7+ Rxb7 41. axb7 Nb5 42. Nd7 1-0

[Event "62. BEM 2008"]
[Site "Dortmund"]
[Date "2008.02.28"]
[Round "6.26"]
[White "Griese, Andreas"]
[Black "Krüger, Inge"]
[Result "0-1"]
[WhiteElo "1058"]
[BlackElo "1375"]
[PlyCount "54"]
[EventDate "2008.??.??"]
[Source "SG Dortmund"]
[SourceDate "2004.12.16"]

1. d4 d5 2. c4 e6 3. Nc3 Nf6 4. Bg5 Nbd7 5. Nf3 Be7 6. e3 O-O 7. Bd3 c6 8. O-O
h6 9. Bh4 Re8 10. Re1 Nf8 11. Rc1 b6 12. Ne5 Qc7 13. cxd5 exd5 14. Bg3 Bd6 15.
e4 Be6 16. exd5 Nxd5 17. Be4 Qb7 18. Qf3 Rac8 19. a3 Rc7 20. Nxd5 cxd5 21. Bd3
Rec8 22. Qe3 f6 23. Ng6 Bxg3 24. Qxe6+ Nxe6 25. hxg3 Rxc1 26. Rxc1 Rxc1+ 27.
Kh2 Nxd4 0-1

[Event "62. BEM 2008"]
[Site "Dortmund"]
[Date "2008.02.28"]
[Round "6.27"]
[White "Kiauka, Richard"]
[Black "Pachura, Karl-Heinz"]
[Result "0-1"]
[WhiteElo "1191"]
[BlackElo "1305"]
[PlyCount "116"]
[EventDate "2008.??.??"]
[Source "SG Dortmund"]
[SourceDate "2004.12.16"]

1. e4 e5 2. Nf3 d6 3. h3 Be7 4. Nc3 c6 5. Bc4 b5 6. Bb3 a5 7. a3 Bb7 8. O-O Nd7
9. Re1 Nc5 10. d4 Nxb3 11. cxb3 Qc7 12. Bg5 f6 13. Bh4 g5 14. Bg3 h5 15. dxe5
fxe5 16. Rc1 Qd7 17. b4 Nh6 18. Rc2 h4 19. Bh2 g4 20. Nd2 gxh3 21. Qh5+ Nf7 22.
Qg6 Kf8 23. Nf3 Rg8 24. Qh5 Rxg2+ 25. Kh1 Qe6 26. Nxh4 Bxh4 27. Qxh4 Qh6 28.
Qxh6+ Nxh6 29. Re3 axb4 30. Rxh3 Rg6 31. Rf3+ Kg7 32. Ne2 bxa3 33. bxa3 c5 34.
Ng3 Rf8 35. Nh5+ Kg8 36. Re3 Ng4 37. Ree2 Nxf2+ 38. Rxf2 Bxe4+ 39. Rg2 Rf5 40.
Ng3 Bxg2+ 41. Rxg2 Rf8 42. Rb2 Rf3 43. Rxb5 Rgxg3 44. Bxg3 Rxg3 45. Rb8+ Kf7
46. a4 Ra3 47. Rb7+ Ke6 48. Ra7 Kd5 49. Kg2 Kd4 50. Kf2 d5 51. Ke2 Ra2+ 52. Kf3
c4 53. a5 c3 54. Rh7 Rxa5 55. Rh4+ e4+ 56. Ke2 Ra2+ 57. Kd1 Kd3 58. Ke1 c2 0-1

[Event "62. BEM 2008"]
[Site "Dortmund"]
[Date "2008.02.28"]
[Round "6.28"]
[White "Hast, Stefan"]
[Black "Rabe, Mark"]
[Result "1-0"]
[WhiteElo "1083"]
[BlackElo "891"]
[PlyCount "93"]
[EventDate "2008.??.??"]
[Source "SG Dortmund"]
[SourceDate "2004.12.16"]

1. e4 e5 2. Nf3 d6 3. Bc4 Nf6 4. Ng5 d5 5. exd5 Nxd5 6. Qf3 Qxg5 7. Bxd5 Qf6 8.
Bxb7 Qxf3 9. Bxf3 c6 10. a3 a5 11. Nc3 Ra7 12. d3 Bc5 13. Be3 Bxe3 14. fxe3 O-O
15. O-O Re8 16. Ne4 Ree7 17. Nd6 Ba6 18. Bg4 f6 19. Rf2 Nd7 20. Bf3 Re6 21. Nf5
c5 22. Bd5 Kf7 23. Bxe6+ Kxe6 24. Nxg7+ Kf7 25. Nf5 Rb7 26. Nd6+ Ke6 27. Nxb7
Bxb7 28. Raf1 Ba6 29. c4 Bb7 30. Rf5 Bc6 31. Rh5 Nf8 32. Rh6 Ng6 33. h4 Ke7 34.
Rxh7+ Ke6 35. h5 Ne7 36. Rg7 e4 37. dxe4 Bxe4 38. h6 Nf5 39. h7 Nxg7 40. h8=Q
Kf7 41. Qc8 Nf5 42. Rxf5 Bxf5 43. Qxf5 a4 44. e4 Ke7 45. Qxc5+ Kf7 46. Qd6 Kg6
47. e5 1-0

[Event "62. BEM 2008"]
[Site "Dortmund"]
[Date "2008.02.28"]
[Round "6.29"]
[White "Fahle, Karl-Wilhelm"]
[Black "Dirks, Rainer"]
[Result "0-1"]
[WhiteElo "1202"]
[BlackElo "1155"]
[PlyCount "134"]
[EventDate "2008.??.??"]
[Source "SG Dortmund"]
[SourceDate "2004.12.16"]

1. e4 e5 2. f4 Nc6 3. Nf3 exf4 4. d4 d5 5. e5 Nge7 6. Bxf4 Ng6 7. Bg3 f6 8. Bb5
Bb4+ 9. c3 Ba5 10. O-O O-O 11. Nbd2 Bd7 12. Qb3 Be6 13. Rae1 f5 14. Re2 Bb6 15.
Kh1 f4 16. Bf2 Nce7 17. Bd3 c6 18. Nh4 Nxh4 19. Bxh4 Qd7 20. Nf3 Nf5 21. Bf2
Bd8 22. c4 a5 23. a4 Qf7 24. c5 Rb8 25. Bb1 g5 26. Kg1 Qh5 27. Bd3 g4 28. Bxf5
Qxf5 29. Nh4 Qh5 30. g3 Bxh4 31. gxh4 g3 32. Rd2 gxf2+ 33. Rdxf2 Qxh4 34. Rg2+
Kh8 35. Rf3 Rg8 36. Rxg8+ Rxg8+ 37. Kf1 Qxh2 38. Rf2 Qh1+ 39. Ke2 Bg4+ 40. Kd2
Qe4 41. Qd3 Qxd3+ 42. Kxd3 Bf5+ 43. Kc3 Rg3+ 44. Kd2 f3 45. Ke3 Rh3 46. Rxf3
Rxf3+ 47. Kxf3 Kg7 48. Kf4 Kg6 49. e6 Bxe6 50. Ke5 Kf7 51. Kd6 h5 52. Kc7 h4
53. Kxb7 Bd7 54. Kb6 h3 55. Kxa5 h2 56. b4 h1=Q 57. Kb6 Qh8 58. b5 Qd8+ 59. Ka6
Qc7 60. b6 Bc8+ 61. Ka5 Qh2 62. b7 Bxb7 63. Kb6 Qb2+ 64. Kc7 Qxd4 65. a5 Qxc5
66. a6 Bxa6 67. Kb8 Qb6+ 0-1

[Event "62. BEM 2008"]
[Site "Dortmund"]
[Date "2008.03.03"]
[Round "7.1"]
[White "Borjini, Mohamed"]
[Black "Lindam, Ingo"]
[Result "1-0"]
[WhiteElo "1933"]
[BlackElo "2070"]
[PlyCount "57"]
[EventDate "2008.??.??"]
[Source "SG Dortmund"]
[SourceDate "2004.12.16"]

1. e4 d5 2. exd5 Nf6 3. d4 Bg4 4. Be2 Bxe2 5. Qxe2 Qxd5 6. Nf3 Nc6 7. c3 O-O-O
8. O-O g5 9. Bxg5 Rg8 10. Bxf6 exf6 11. Nbd2 Bd6 12. Qe4 Qh5 13. Qh4 Qf5 14.
Qe4 Qh5 15. Nc4 f5 16. Nxd6+ Rxd6 17. Qd3 f4 18. Kh1 Rdg6 19. Rg1 f6 20. Qe4
Qg4 21. Rae1 Nd8 22. h3 Rh6 23. Nh2 Qh4 24. Qf5+ Kb8 25. Qd7 f5 26. Re7 Rc6 27.
Nf3 Qxf2 28. Ne5 Ne6 29. Re8+ 1-0

[Event "62. BEM 2008"]
[Site "Dortmund"]
[Date "2008.03.03"]
[Round "7.2"]
[White "Gitschel, Ralf"]
[Black "Büchle, Manfred"]
[Result "0-1"]
[WhiteElo "1914"]
[BlackElo "1858"]
[PlyCount "120"]
[EventDate "2008.??.??"]
[Source "SG Dortmund"]
[SourceDate "2004.12.16"]

1. e4 c5 2. Nf3 Nc6 3. d4 cxd4 4. Nxd4 Nf6 5. Nc3 d6 6. Bc4 e6 7. O-O Be7 8. h3
a6 9. Be3 Qc7 10. Bb3 O-O 11. g4 b5 12. g5 Nd7 13. Bxe6 Nxd4 14. Bxd7 Bxd7 15.
Qxd4 Bxh3 16. Rfd1 Qd7 17. f3 Rac8 18. Rd2 Rc4 19. Qd3 f6 20. Nd5 fxg5 21. Nb6
Qe6 22. Nxc4 bxc4 23. Qd5 Qxd5 24. exd5 Rxf3 25. Re1 Bf6 26. c3 g4 27. Rf2 Rg3+
28. Kh1 h5 29. Rf5 h4 30. Bf2 Rg2 31. Rxf6 gxf6 32. Bxh4 Rxb2 33. Bxf6 Rd2 34.
Bd4 Bg2+ 35. Kg1 Bxd5 36. Re7 Bf3 37. Rg7+ Kf8 38. Rg6 Ke7 39. Rg7+ Ke6 40.
Rg6+ Kd5 41. Rg5+ Kc6 42. Ra5 Kb7 43. Ra4 d5 44. Rb4+ Kc7 45. Ra4 g3 46. Be5+
Kb7 47. Rb4+ Kc6 48. Rb1 Rxa2 49. Bd4 Rg2+ 50. Kf1 Ra2 51. Rb6+ Kd7 52. Rb7+
Ke6 53. Rb6+ Kd7 54. Rb7+ Kc8 55. Rb1 a5 56. Be5 g2+ 57. Kg1 Be4 58. Rb8+ Kd7
59. Bd4 a4 60. Kh2 Ke6 {und Schwarz gewann nach einigen Zuegen ...} 0-1

[Event "62. BEM 2008"]
[Site "Dortmund"]
[Date "2008.03.03"]
[Round "7.3"]
[White "Barskij, Aleksandr"]
[Black "Zelt, Jens"]
[Result "0-1"]
[WhiteElo "1874"]
[BlackElo "1982"]
[PlyCount "135"]
[EventDate "2008.??.??"]
[Source "SG Dortmund"]
[SourceDate "2004.12.16"]

1. e4 c5 2. Nf3 d6 3. d4 cxd4 4. Nxd4 Nf6 5. Nc3 a6 6. Bg5 Nbd7 7. Bc4 Qc7 8.
Bb3 e6 9. f4 Nc5 10. Qf3 Nxb3 11. axb3 Be7 12. O-O-O Bd7 13. Rhe1 h6 14. Bh4
Rc8 15. e5 dxe5 16. fxe5 Nh7 17. Bxe7 Kxe7 18. Qg3 Kf8 19. Rf1 Kg8 20. Ne4 Rf8
21. Rf6 Bc6 22. Nxc6 Qxc6 23. Rf4 Qc7 24. Nd6 f5 25. Qg6 Qe7 26. h4 Rb8 27. Rc4
Nf8 28. Qg3 Kh7 29. Qc3 Rg8 30. g3 b5 31. Rc7 Qd8 32. Nf7 Qe8 33. Nd6 Qh5 34.
Nb7 Qg4 35. Rd4 Qe2 36. Rd2 Qe4 37. Nd6 Qg4 38. Rd4 Qh3 39. Rd2 Qh1+ 40. Rd1
Qg2 41. Qe3 Ra8 42. Rg1 Qh2 43. Rd1 Ng6 44. Rc5 Qh3 45. Qf3 Nxh4 46. Qf2 Ng6
47. Kb1 Rad8 48. Rd3 Rgf8 49. Rd4 Qh1+ 50. Ka2 Qh5 51. Qe3 Qh3 52. Qf2 Rd7 53.
b4 Rfd8 54. Qe1 Qg2 55. Rd2 Qf3 56. Rd3 Qg4 57. Rc6 a5 58. bxa5 Ne7 59. Rb6 Nd5
60. Rxb5 Rxd6 61. exd6 Qa4+ 62. Kb1 Qxb5 63. Qxe6 Nf6 64. Qe7 Rd7 65. Qe6 Qxa5
66. Rb3 Qc5 67. Rd3 Qg1+ 68. Ka2 {ZUe} 0-1

[Event "62. BEM 2008"]
[Site "Dortmund"]
[Date "2008.03.03"]
[Round "7.4"]
[White "Ziemek, Siegfried"]
[Black "Begna, Bozidar"]
[Result "0-1"]
[WhiteElo "1671"]
[BlackElo "1955"]
[PlyCount "85"]
[EventDate "2008.??.??"]
[Source "SG Dortmund"]
[SourceDate "2004.12.16"]

1. e4 d6 2. d4 Nf6 3. Bd3 e5 4. d5 Be7 5. h3 Nbd7 6. Be3 c6 7. c4 Nc5 8. Bxc5
Qa5+ 9. b4 Qc7 10. Be3 c5 11. Nc3 cxb4 12. Qa4+ Nd7 13. Nb5 Qd8 14. Qxb4 O-O
15. Nxa7 Nc5 16. Bxc5 dxc5 17. Qa3 Bd7 18. Nf3 f6 19. O-O Qb8 20. Bc2 Rxa7 21.
Qd3 Bd6 22. Nh2 b5 23. Rfb1 b4 24. Nf1 Qa8 25. Bb3 Ra3 26. Qd1 f5 27. Nd2 Qe8
28. Qe2 Qg6 29. Kh2 Qh6 30. Rg1 Qf4+ 31. g3 Qh6 32. Raf1 fxe4 33. g4 e3 34.
fxe3 e4+ 35. Kg2 Rxf1 36. Rxf1 Qg6 37. Rf2 h5 38. Kh1 hxg4 39. hxg4 Bxg4 40.
Rg2 Qh5+ 41. Rh2 Bxe2 42. Rxh5 Bxh5 43. Nxe4 0-1

[Event "62. BEM 2008"]
[Site "Dortmund"]
[Date "2008.03.03"]
[Round "7.5"]
[White "Gorzinski, Dariusz"]
[Black "Ziemek, Gerhard"]
[Result "1-0"]
[WhiteElo "1841"]
[BlackElo "1628"]
[PlyCount "59"]
[EventDate "2008.??.??"]
[Source "SG Dortmund"]
[SourceDate "2004.12.16"]

1. e4 e5 2. Nf3 Nc6 3. Bb5 d6 4. d4 exd4 5. Nxd4 Bd7 6. Be3 Nf6 7. Nc3 a6 8.
Nxc6 bxc6 9. Ba4 Rb8 10. Bb3 Be7 11. f3 O-O 12. Qe2 Qc8 13. O-O Qb7 14. g4 Be6
15. g5 Nd7 16. f4 Bxb3 17. axb3 d5 18. Qg4 Bc5 19. Bxc5 Nxc5 20. e5 Qb4 21.
Rad1 Rbe8 22. Rf3 Rxe5 23. Rh3 Re6 24. Qh5 h6 25. f5 Rd6 26. f6 Qf4 27. fxg7
Kxg7 28. Rf3 Qe5 29. gxh6+ Kg8 30. Qxe5 1-0

[Event "62. BEM 2008"]
[Site "Dortmund"]
[Date "2008.03.03"]
[Round "7.6"]
[White "Ziperstein, Jakob"]
[Black "Raskin, Vitali"]
[Result "1/2-1/2"]
[WhiteElo "1851"]
[BlackElo "1634"]
[PlyCount "130"]
[EventDate "2008.??.??"]
[Source "SG Dortmund"]
[SourceDate "2004.12.16"]

1. e4 e5 2. Nf3 Nc6 3. Bb5 a6 4. Bxc6 dxc6 5. O-O Bg4 6. h3 Bxf3 7. Qxf3 Qf6 8.
Qe3 b6 9. Qe2 Bc5 10. a3 b5 11. d3 Ne7 12. Nd2 Ng6 13. Nf3 O-O-O 14. Bg5 Nf4
15. Bxf4 Qxf4 16. a4 Kb7 17. Nd2 f5 18. Nb3 Bb6 19. exf5 Qxf5 20. axb5 cxb5 21.
Na5+ Bxa5 22. Rxa5 Rd6 23. Qe3 Rf8 24. Re1 Rdf6 25. f3 Rc6 26. Re2 Qf4 27. Kf2
Qd4 28. Ra2 Rff6 29. b3 Qxe3+ 30. Rxe3 Rc5 31. b4 Rd5 32. Ra1 Rc6 33. Ra2 Kb6
34. Ke1 Rg6 35. Re2 c5 36. bxc5+ Rxc5 37. Kf2 a5 38. h4 b4 39. g4 Kb5 40. Ke3
a4 41. Kd2 b3 42. cxb3 axb3 43. Rb2 Kb4 44. Ke3 Rgc6 45. Ke4 Rc2 46. Kxe5 Rxb2
47. Rxb2 Rc2 48. Rb1 Kc3 49. d4 b2 50. d5 Re2+ 51. Kf5 Kc2 52. Rxb2+ Kxb2 53.
d6 Kc2 54. d7 Rd2 55. Ke6 Kd1 56. f4 Ke2 57. g5 Kf3 58. f5 Kg4 59. f6 gxf6 60.
gxf6 Re2+ 61. Kf7 Rd2 62. Ke8 Re2+ 63. Kd8 Rf2 64. Kc7 Rc2+ 65. Kd8 Rf2 1/2-1/2

[Event "62. BEM 2008"]
[Site "Dortmund"]
[Date "2008.03.03"]
[Round "7.7"]
[White "Grube, Jörg"]
[Black "Werner, Patrick"]
[Result "1/2-1/2"]
[WhiteElo "1747"]
[BlackElo "1692"]
[PlyCount "22"]
[EventDate "2008.??.??"]
[Source "SG Dortmund"]
[SourceDate "2004.12.16"]

1. d4 d5 2. c4 e6 3. Nc3 Nf6 4. Bg5 Nbd7 5. e3 c6 6. cxd5 exd5 7. Bd3 Bd6 8.
Nge2 O-O 9. f3 h6 10. Bh4 Re8 11. e4 dxe4 1/2-1/2

[Event "62. BEM 2008"]
[Site "Dortmund"]
[Date "2008.03.03"]
[Round "7.8"]
[White "Schultz, Bernfried"]
[Black "Salifoski, Ramazan"]
[Result "0-1"]
[WhiteElo "1668"]
[BlackElo "1625"]
[PlyCount "90"]
[EventDate "2008.??.??"]
[Source "SG Dortmund"]
[SourceDate "2004.12.16"]

1. e4 e5 2. Nf3 Nc6 3. d4 exd4 4. Nxd4 Nf6 5. Nxc6 bxc6 6. e5 Qe7 7. Qe2 Nd5 8.
c4 Ba6 9. Nd2 Nb6 10. b3 g6 11. Bb2 Bg7 12. Qe4 d5 13. cxd5 Bxf1 14. Kxf1 cxd5
15. Qd3 O-O 16. g3 Rfe8 17. f4 Rad8 18. Rc1 c5 19. Ba3 Rc8 20. Qb5 Bf8 21. Nf3
Qd7 22. Qxd7 Nxd7 23. Kf2 c4 24. Bxf8 Kxf8 25. bxc4 dxc4 26. Rhd1 Rc7 27. Ng5
h6 28. Ne4 Rb8 29. Rc2 Nb6 30. Nd6 Na4 31. Rdc1 c3 32. Ke3 Ke7 33. g4 f6 34.
Ne4 fxe5 35. fxe5 Ke6 36. Nxc3 Rbc8 37. Kd2 Nxc3 38. Rxc3 Rxc3 39. Rxc3 Rxc3
40. Kxc3 Kxe5 41. h3 Kf4 42. Kd3 Kg3 43. Ke3 Kxh3 44. Kf3 g5 45. a4 a5 0-1

[Event "62. BEM 2008"]
[Site "Dortmund"]
[Date "2008.03.01"]
[Round "7.9"]
[White "Wodzinski, Kristin"]
[Black "Kropp, Andreas"]
[Result "0-1"]
[WhiteElo "1212"]
[BlackElo "1918"]
[PlyCount "81"]
[EventDate "2008.??.??"]
[Source "SG Dortmund"]
[SourceDate "2004.12.16"]

1. d4 Nf6 2. c4 c5 3. Nf3 cxd4 4. Nxd4 a6 5. Nc3 e6 6. e4 Bb4 7. Bg5 Bxc3+ 8.
bxc3 Qa5 9. Bxf6 Qxc3+ 10. Ke2 gxf6 11. Rc1 Qa5 12. Rc2 Nc6 13. Nb3 Qe5 14. Ke3
f5 15. Bd3 fxe4 16. f4 exf3+ 17. Kxf3 b6 18. Re2 Qf6+ 19. Ke3 Qg5+ 20. Kf2 Bb7
21. Re3 Qh4+ 22. g3 Qf6+ 23. Ke1 Qc3+ 24. Kf2 Qb2+ 25. Re2 Qf6+ 26. Ke1 Qc3+
27. Kf2 Ne5 28. Be4 Ng4+ 29. Kg1 Bxe4 30. Rxe4 f5 31. Rd4 Qe3+ 32. Kg2 Qf2+ 33.
Kh3 Qxa2 34. Rd2 Nf2+ 35. Kh4 Nxd1 36. Rxa2 Ne3 37. c5 bxc5 38. Nxc5 Ke7 39.
Rxa6 Rxa6 40. Nxa6 d5 41. Re1 0-1

[Event "62. BEM 2008"]
[Site "Dortmund"]
[Date "2008.03.03"]
[Round "7.10"]
[White "Duschek, Günter"]
[Black "Flierdl, Lothar"]
[Result "1-0"]
[WhiteElo "1658"]
[BlackElo "1702"]
[PlyCount "93"]
[EventDate "2008.??.??"]
[Source "SG Dortmund"]
[SourceDate "2004.12.16"]

1. d4 Nf6 2. Nf3 g6 3. Bf4 Bg7 4. c3 d6 5. e3 O-O 6. Be2 b6 7. a4 Bb7 8. a5 Qc8
9. O-O a6 10. h3 b5 11. Nbd2 Nbd7 12. Re1 Re8 13. Qb3 e5 14. dxe5 dxe5 15. Bg3
e4 16. Nh2 Nc5 17. Qc2 Qd7 18. Red1 Qc6 19. Nb3 Nxb3 20. Qxb3 Rad8 21. Ng4 Nxg4
22. Bxg4 Qc5 23. Rxd8 Rxd8 24. Rd1 Rd3 25. Be2 Rd5 26. h4 h5 27. Bf4 f5 28.
Bxc7 Kh7 29. Bb6 Rxd1+ 30. Qxd1 Qe7 31. Bd4 Qd7 32. g3 Bxd4 33. Qxd4 Qxd4 34.
exd4 Bd5 35. Bd1 Kg7 36. Kf1 Bc4+ 37. Ke1 Kf6 38. Kd2 Ke6 39. b3 Bd5 40. Ke3
Kf6 41. Kf4 Be6 42. f3 Bd5 43. fxe4 fxe4 44. Bc2 Be6 45. Bxe4 Bxb3 46. Bb7 Bc4
47. Bxa6 1-0

[Event "62. BEM 2008"]
[Site "Dortmund"]
[Date "2008.03.03"]
[Round "7.11"]
[White "Schröder, Thomas"]
[Black "Reschop, Romano"]
[Result "0-1"]
[WhiteElo "1569"]
[BlackElo "1670"]
[PlyCount "44"]
[EventDate "2008.??.??"]
[Source "SG Dortmund"]
[SourceDate "2004.12.16"]

1. f4 e5 2. fxe5 d6 3. Nf3 dxe5 4. e4 Bc5 5. Bc4 Nf6 6. c3 Nc6 7. d3 Bg4 8. b4
Bxf3 9. Qxf3 Bxb4 10. cxb4 Qd4 11. Bg5 O-O-O 12. Bd2 Qxa1 13. O-O Qd4+ 14. Kh1
Qd7 15. Qg3 Qg4 16. Qf2 Nd4 17. Nc3 Rhf8 18. a4 Nd7 19. Nd5 Qe2 20. Qxe2 Nxe2
21. Ne7+ Kb8 22. Nf5 Nb6 0-1

[Event "62. BEM 2008"]
[Site "Dortmund"]
[Date "2008.03.03"]
[Round "7.12"]
[White "Benke, Werner"]
[Black "Rutmann, Ulrich"]
[Result "1-0"]
[WhiteElo "1563"]
[BlackElo "1401"]
[PlyCount "112"]
[EventDate "2008.??.??"]
[Source "SG Dortmund"]
[SourceDate "2004.12.16"]

1. e4 e5 2. Nf3 Nf6 3. Nc3 Nc6 4. Bb5 d6 5. Bxc6+ bxc6 6. O-O Bg4 7. d4 d5 8.
dxe5 Nd7 9. Bf4 Bb4 10. Qd3 Nc5 11. Qd1 Bxc3 12. bxc3 Nxe4 13. Qd3 O-O 14. Rad1
Qe7 15. h3 Bh5 16. c4 Bg6 17. Qe3 f6 18. cxd5 fxe5 19. Nxe5 Qf6 20. Nxg6 Qxg6
21. Bxc7 cxd5 22. Rxd5 Rac8 23. Re5 Nf6 24. Qb3+ Kh8 25. Bd6 Rfd8 26. Rc5 Ra8
27. Qf3 Ne4 28. Rc6 Rxd6 29. Rxd6 Qxd6 30. Qxe4 Rd8 31. Re1 h6 32. Qe7 Qb6 33.
Qe3 Qc7 34. Qb3 Rb8 35. Qd3 Qf7 36. a3 Rf8 37. f3 Qc7 38. Kh1 Rd8 39. Qe4 Qa5
40. Qb4 Qc7 41. Qe4 Qa5 42. a4 Rc8 43. Rb1 Qg5 44. Qg4 Qc5 45. Rb7 Rg8 46. Qe4
Rd8 47. Re7 Rd1+ 48. Kh2 Rd8 49. Qe5 Qxe5+ 50. Rxe5 Rd7 51. Rc5 Kh7 52. Rc6 Rb7
53. a5 Rd7 54. a6 Kg8 55. Kg3 Kf8 56. f4 Rf7 1-0

[Event "62. BEM 2008"]
[Site "Dortmund"]
[Date "2008.03.03"]
[Round "7.13"]
[White "Gennat, Egon L"]
[Black "Watzlawek, Volker"]
[Result "0-1"]
[WhiteElo "1495"]
[BlackElo "1661"]
[PlyCount "92"]
[EventDate "2008.??.??"]
[Source "SG Dortmund"]
[SourceDate "2004.12.16"]

1. d4 e6 2. g3 d5 3. Bg2 Nf6 4. Nf3 c5 5. c4 Nc6 6. O-O Be7 7. cxd5 exd5 8. Nc3
O-O 9. Re1 Bf5 10. Nh4 Be4 11. f3 cxd4 12. Nxe4 dxe4 13. fxe4 Re8 14. e5 Ng4
15. Nf5 Bb4 16. Bd2 Bxd2 17. Qxd2 Ngxe5 18. Rac1 g6 19. Nh4 Kg7 20. Nf3 Ng4 21.
b4 Qb6 22. Qb2 f6 23. Rc5 Rad8 24. h3 Nge5 25. Nxe5 Rxe5 26. Bxc6 Rxc5 27. Be4
Re5 28. Bd3 Rde8 29. a3 Re3 30. Kf2 Qe6 31. Qxd4 Qxh3 32. Rg1 R8e7 33. Qh4 Qxh4
34. gxh4 R3e6 35. Rh1 Rc7 36. Rb1 b6 37. Rb3 Rec6 38. a4 Rc3 39. Rb2 Ra3 40.
Bb5 Rh3 41. a5 bxa5 42. bxa5 Rb7 43. Rb1 a6 44. Bd3 Rxb1 45. Bxb1 Ra3 46. Bd3
Rxa5 0-1

[Event "62. BEM 2008"]
[Site "Dortmund"]
[Date "2008.03.03"]
[Round "7.14"]
[White "Lauche, Christoph"]
[Black "Reinacher, Detlev"]
[Result "1-0"]
[WhiteElo "1834"]
[BlackElo "1464"]
[PlyCount "63"]
[EventDate "2008.??.??"]
[Source "SG Dortmund"]
[SourceDate "2004.12.16"]

1. e4 d6 2. d4 g6 3. f4 Bg7 4. Nf3 c6 5. c3 Nf6 6. Bd3 O-O 7. O-O Nbd7 8. e5
dxe5 9. fxe5 Nd5 10. Qe1 b5 11. e6 N7b6 12. exf7+ Rxf7 13. Qh4 Bf6 14. Bg5 Qf8
15. Nbd2 Qg7 16. Ne4 Bf5 17. Nxf6+ exf6 18. Bh6 Qh8 19. Bxf5 gxf5 20. Qg3+ Rg7
21. Bxg7 Qxg7 22. Qxg7+ Kxg7 23. Nh4 f4 24. Rae1 Nc4 25. Nf5+ Kf7 26. b3 Nce3
27. Nxe3 fxe3 28. c4 bxc4 29. bxc4 Nc3 30. Rxe3 Nxa2 31. Rb1 a5 32. Ra3 1-0

[Event "62. BEM 2008"]
[Site "Dortmund"]
[Date "2008.03.03"]
[Round "7.15"]
[White "Hoppe, Dirk"]
[Black "Kajtazovic, Ismail"]
[Result "1-0"]
[WhiteElo "1779"]
[BlackElo "1525"]
[PlyCount "57"]
[EventDate "2008.??.??"]
[Source "SG Dortmund"]
[SourceDate "2004.12.16"]

1. c4 c5 2. Nc3 Nc6 3. g3 g6 4. Bg2 Bg7 5. d3 Nf6 6. e4 O-O 7. f4 d6 8. Nf3 a6
9. O-O Ne8 10. Rb1 Nc7 11. Nd5 Ne6 12. f5 Ned4 13. Nh4 b5 14. b3 Rb8 15. Bg5 h6
16. fxg6 hxg5 17. gxf7+ Rxf7 18. Rxf7 Kxf7 19. Qh5+ Kg8 20. Rf1 Be6 21. Qxg5
Bxd5 22. exd5 Ne5 23. Be4 Qe8 24. Nf5 Nxf5 25. Bxf5 Nf7 26. Be6 Kf8 27. Bxf7
Qxf7 28. Rxf7+ Kxf7 29. Qf5+ 1-0

[Event "62. BEM 2008"]
[Site "Dortmund"]
[Date "2008.03.03"]
[Round "7.16"]
[White "Ezzat, Tarik"]
[Black "Clausen, Dirk"]
[Result "0-1"]
[WhiteElo "1506"]
[BlackElo "1597"]
[PlyCount "76"]
[EventDate "2008.??.??"]
[Source "SG Dortmund"]
[SourceDate "2004.12.16"]

1. Nc3 d5 2. e4 d4 3. Nce2 e5 4. Nf3 Bd6 5. d3 h6 6. Ng3 Nf6 7. c3 c5 8. Qc2
Nc6 9. Be2 Bd7 10. Nd2 b5 11. a3 Qb6 12. O-O O-O 13. Nf3 Rac8 14. Bd2 Rfe8 15.
Nh4 Na5 16. Nhf5 Bf8 17. cxd4 cxd4 18. Qd1 Be6 19. Bxa5 Qxa5 20. b4 Qa6 21. f4
Nd7 22. fxe5 Nxe5 23. Nxd4 Qd6 24. Ngf5 Bxf5 25. Rxf5 Qxd4+ 26. Kh1 Rc3 27. Qf1
f6 28. h3 a6 29. Rd1 Rd8 30. Qe1 Nxd3 31. Qg3 Qxe4 32. Bg4 Bd6 33. Qh4 Rc2 34.
Rf3 Qe2 35. Rg1 Nf2+ 36. Rxf2 Qxf2 37. Be6+ Kh8 38. Qe4 Qg3 0-1

[Event "62. BEM 2008"]
[Site "Dortmund"]
[Date "2008.03.03"]
[Round "7.17"]
[White "Hugenroth, Andreas"]
[Black "Warsitz, Andreas"]
[Result "0-1"]
[WhiteElo "1231"]
[BlackElo "1558"]
[PlyCount "76"]
[EventDate "2008.??.??"]
[Source "SG Dortmund"]
[SourceDate "2004.12.16"]

1. d4 Nf6 2. c4 e6 3. Nc3 b6 4. Nf3 Bb7 5. g3 Bb4 6. Bd2 O-O 7. Bg2 c5 8. a3
Bxc3 9. Bxc3 Ne4 10. O-O Nxc3 11. bxc3 Qc7 12. d5 f5 13. Ng5 h6 14. Nh3 g5 15.
Qd2 Qd8 16. dxe6 Bxg2 17. Kxg2 dxe6 18. Qe3 Qf6 19. Rad1 Nc6 20. f4 g4 21. Nf2
Na5 22. Qd2 Nxc4 23. Qa2 Ne3+ 24. Kg1 Nxd1 25. Rxd1 Rfd8 26. Rxd8+ Rxd8 27. Nd3
Qe7 28. Ne5 Qd6 29. Kf2 Qd5 30. Qxd5 Rxd5 31. Nc6 Rd7 32. Ke3 Kg7 33. c4 Kf6
34. Kf2 a6 35. a4 a5 36. Ne5 Rd1 37. Ke3 Ke7 38. Nd3 Ra1 0-1

[Event "62. BEM 2008"]
[Site "Dortmund"]
[Date "2008.03.03"]
[Round "7.18"]
[White "Rzoczek, Christoph"]
[Black "Hlopotov, Oleg"]
[Result "0-1"]
[WhiteElo "1588"]
[BlackElo "1679"]
[PlyCount "104"]
[EventDate "2008.??.??"]
[Source "SG Dortmund"]
[SourceDate "2004.12.16"]

1. e4 c5 2. Nf3 Nc6 3. d4 cxd4 4. Nxd4 e5 5. Nf5 d6 6. Bc4 Nf6 7. Nc3 Bxf5 8.
exf5 Qd7 9. g4 h6 10. Be3 a6 11. Qe2 Be7 12. O-O-O Rc8 13. h4 Na5 14. Bd3 Rxc3
15. bxc3 Qa4 16. Kd2 e4 17. Ke1 exd3 18. cxd3 Qxg4 19. Qxg4 Nxg4 20. Bb6 Nc6
21. Rg1 Nce5 22. Ke2 O-O 23. f3 Nf6 24. Be3 Kh7 25. Rb1 b5 26. a4 Nd5 27. Bd4
bxa4 28. Rb7 Bxh4 29. f4 Nxf4+ 30. Ke3 Nfxd3 31. Ke4 Bf6 32. Rb6 Nc5+ 33. Kd5
Nf3 34. Rg3 Nxd4 35. cxd4 Nb3 36. Rxa6 Nxd4 37. Rxa4 Nxf5 38. Rg1 Re8 39. Ra7
Re5+ 40. Kc6 Rc5+ 41. Kd7 Re5 42. Ra8 g5 43. Rf1 g4 44. Ra4 h5 45. Raf4 Kg6 46.
Rh1 Bg5 47. Ra4 g3 48. Raa1 g2 49. Rhg1 Re2 50. Ra3 Be3 51. Rxe3 Nxe3 52. Kxd6
Rf2 0-1